Biblioteca

Rebuilding marriages in crisis (Registro nro. 68925)

Detalles MARC
000 -LÍDER
Campo fijo de descripción fija 01075nab a2200229 i 4500
001 - NÚMERO DE CONTROL
Campo de control 768714001
003 - IDENTIFICADOR DEL NÚMERO DE CONTROL
Campo de control CO-MdFUSB
005 - FECHA Y HORA DE LA ULTIMA TRANSACCIÓN
control field 20230601105818.0
008 - ELEMENTOS DE LONGITUD FIJA -- INFORMACIÓN GENERAL
Campo fijo de descripción fija -- Información general 230601s1989 us ||||| |||| 00| 0 eng d
040 ## - FUENTE DE CATALOGACIÓN
Idioma de catalogación spa
Agencia Catalogadora CO-MdFUSB
Agencia que realiza la transcripción CO-MdFUSB
Agencia que realiza la modificación CO-MdFUSB
041 ## - CÓDIGO DE IDIOMA
Código de idioma para texto/pista de sonido o título separado eng
100 ## - ASIENTO PRINCIPAL--NOMBRE PERSONAL
Nombre personal Berkley, James.
Término relacionador autor
245 ## - TÍTULO
Título Rebuilding marriages in crisis
Mención de responsabilidad / James D. Berkley
300 ## - DESCRIPCIÓN FÍSICA
Extensión Volumen 10, número 2 (Spring 1989), páginas 54 - 62
Dimensiones ; 27 cm
520 ## - NOTA DE RESUMEN, ETC.
Nota de sumario, etc. Cuando las dificultades conyugales llegan a la etapa de crisis, ¿a quién se llama? A menudo el pastor. A veces terriblemente tarde en el proceso. A veces, después de que el matrimonio se ha roto en pedazos diminutos. Pero muchas veces la pareja puede volver a la plenitud, si todo va bien.
546 ## - NOTA DE IDIOMA
Nota de idioma Texto en Inglés
650 #7 - ASIENTO SECUNDARIO DE MATERIA - TERMINO TEMÁTICO
9 (RLIN) 291
Término temático o nombre geográfico como elemento de entrada Matrimonio
Término temático que sigue al nombre geográfico como elemento de entrada Cristianismo
Subdivisión general Aspectos religiosos
650 #7 - ASIENTO SECUNDARIO DE MATERIA - TERMINO TEMÁTICO
9 (RLIN) 300
Término temático o nombre geográfico como elemento de entrada Matrimonio
650 #7 - ASIENTO SECUNDARIO DE MATERIA - TERMINO TEMÁTICO
9 (RLIN) 301
Término temático o nombre geográfico como elemento de entrada Parejas
773 0# - ASIENTO DE ITEM FUENTE
Biblionumber 68780
Itemnumber 81989
Otro identificador del ítem R2476
Título Leadership :
Número de control del registro (CO-MdFUSB)768714001
Parte(s) relacionada(s) / Volumen., número. (mes año), páginas Volumen 10, número 2 (Spring 1989), páginas 54 - 62
Enumeración y primera página página 54
942 ## - TIPO DE MATERIAL (KOHA)
Tipo de Item KOHA Artículos de Revista

No hay ítems disponibles.

Biblioteca FUSBC | Teléfono: (57+4) 349 88 10 Ext. 141| WhatsApp (+57) 3005338115 
E-mail: biblioteca@unisbc.edu.co | Calle 76 87-14 Robledo Palenque, Medellín, Colombia

Con tecnología Koha